000 00512nam a2200181 i 4500
001 81695
003 ES-MaACL
005 20240501063040.0
007 t|
008 041105s1901 fr ||||1| fre d
100 1 _aHuysmans, Joris-Karl,
_d1848-1907
_964869
245 1 0 _aSainte Lydwine de Schiedam /
_cJ.-K. Huysmans.
250 _a3ème ed.
260 _aParis :
_b[Emile Colin,
_c1901] (
_fImp. de Lagny)
300 _a368 p. ;
_c19 cm.
852 _aES-MaACL
_jB-2686
999 _c81695
_d81695